[Event "Krakow op-A 34th"]
[Site "Krakow"]
[Date "2024.01.02"]
[Round "6"]
[White "Berin, Artem"]
[Black "Valiyev, Shahin"]
[Result "0-1"]
[WhiteElo "2321"]
[BlackElo "2158"]
[PlyCount "66"]
[EventDate "2023.12.27"]
[EventType "swiss"]
[EventRounds "9"]
[EventCountry "POL"]
[SourceTitle "CB02_2024"]
[SourceDate "2024.01.10"]
[SourceVersion "1"]
[SourceVersionDate "2024.01.10"]
[SourceQuality "1"]

1. d4 d5 2. c4 e6 3. Nc3 Be7 4. cxd5 exd5 5. Bf4 c6 6. e3 Bf5 7. g4 Be6 8. Bd3 Nd7 9. h3 g5 10. Bh2 h5 11. gxh5 Ngf6 12. Qc2 Rxh5 13. 0-0-0 Qa5 14. a3 b5 15. Kb1 b4 16. axb4 Bxb4 17. Na2 c5 18. Nxb4 Qxb4 19. Bd6 Rc8 20. dxc5 Nxc5 21. Qe2 Nfe4 22. Bb5+ Kd8 23. Be5 Bf5 24. Rxd5+ Ke7 25. Bf6+ Kxf6 26. Rxf5+ Kxf5 27. Qg4+ Kg6 28. Qxc8 Qe1+ 29. Ka2 Qa5+ 30. Kb1 Qxb5 31. Nf3 Qd3+ 32. Ka2 Nc3+ 33. Ka3 Nd5+ 0-1

[Event "Berlin Radtke Memorial op"]
[Site "Berlin"]
[Date "2023.10.27"]
[Round "7"]
[White "Korchynskyi, Mykola"]
[Black "Berin, Artem"]
[Result "0-1"]
[WhiteElo "2152"]
[BlackElo "2303"]
[PlyCount "100"]
[EventDate "2023.10.23"]
[EventType "swiss"]
[EventRounds "9"]
[EventCountry "GER"]
[SourceTitle "Mega2024 Update 01"]
[Source "Chessbase"]
[SourceDate "2023.11.12"]
[SourceVersion "1"]
[SourceVersionDate "2023.11.12"]
[SourceQuality "1"]

1. d4 Nf6 2. c4 e6 3. Nc3 Bb4 4. e3 0-0 5. Nge2 Re8 6. a3 Bxc3+ 7. Nxc3 e5 8. Be2 exd4 9. exd4 d5 10. cxd5 Nxd5 11. 0-0 c6 12. Bf3 Nxc3 13. bxc3 Be6 14. Bf4 Bc4 15. Re1 Rxe1+ 16. Qxe1 Nd7 17. Rb1 Nb6 18. Qe5 Ba2 19. Re1 Be6 20. Rb1 Bd5 21. a4 Bxf3 22. gxf3 Qd7 23. a5 Nd5 24. Bd2 Re8 25. Qg3 Ne7 26. Re1 f6 27. Qg4 Rd8 28. Qe4 Nf5 29. Bf4 Kf7 30. Qb1 Nh4 31. Qb3+ Qd5 32. Qxd5+ Rxd5 33. Rb1 Rd7 34. Bb8 a6 35. f4 Ke6 36. Ba7 Kd5 37. Kf1 Kc4 38. Rc1 Rd5 39. Bc5 Ng6 40. Re1 Rd7 41. Re4 f5 42. Re5 Nxe5 43. fxe5 Kxc3 44. Ke2 Kc4 45. Ke3 g5 46. f4 g4 47. Kf2 Kd5 48. Kg3 Rg7 49. Kh4 Rg6 50. Kg3 Rh6 0-1

[Event "Pardubice Czech op-A 34th"]
[Site "Pardubice"]
[Date "2023.07.25"]
[Round "5"]
[White "Pantzar, Milton"]
[Black "Berin, Artem"]
[Result "1/2-1/2"]
[WhiteElo "2442"]
[BlackElo "2222"]
[PlyCount "59"]
[EventDate "2023.07.21"]
[EventType "swiss"]
[EventRounds "9"]
[EventCountry "CZE"]
[SourceTitle "CBM 215 Extra"]
[Source "ChessBase"]
[SourceDate "2023.09.30"]
[SourceVersion "1"]
[SourceVersionDate "2023.09.30"]
[SourceQuality "1"]

1. d4 d5 2. Nf3 Nf6 3. c4 e6 4. cxd5 exd5 5. Nc3 Bb4 6. Bg5 h6 7. Bxf6 Qxf6 8. Qa4+ Nc6 9. e3 0-0 10. Be2 Be6 11. a3 Bxc3+ 12. bxc3 a6 13. 0-0 Rfc8 14. Nd2 Ne7 15. Qb4 b6 16. Rab1 Nf5 17. Rfe1 Nd6 18. Bf3 Rab8 19. e4 dxe4 20. Nxe4 Nxe4 21. Bxe4 Bf5 22. g3 Bxe4 23. Rxe4 Qd6 24. a4 c5 25. dxc5 Qxc5 26. Qxc5 Rxc5 27. Reb4 Rxc3 28. Rxb6 Rc1+ 29. Rxc1 Rxb6 30. Rc4 1/2-1/2

[Event "Pardubice Czech op-A 34th"]
[Site "Pardubice"]
[Date "2023.07.23"]
[Round "3"]
[White "Yelisieiev, Yevhenii"]
[Black "Berin, Artem"]
[Result "0-1"]
[WhiteElo "2425"]
[BlackElo "2222"]
[PlyCount "62"]
[EventDate "2023.07.21"]
[EventType "swiss"]
[EventRounds "9"]
[EventCountry "CZE"]
[SourceTitle "CBM 215 Extra"]
[Source "ChessBase"]
[SourceDate "2023.09.30"]
[SourceVersion "1"]
[SourceVersionDate "2023.09.30"]
[SourceQuality "1"]

1. b3 d5 2. Bb2 Bf5 3. g3 Nf6 4. Bg2 Nbd7 5. Nf3 h6 6. d3 e6 7. Nbd2 Be7 8. 0-0 0-0 9. c4 c6 10. a3 a5 11. Ra2 Re8 12. Qa1 Bf8 13. Rd1 Bh7 14. h3 Qc7 15. Ne5 Nxe5 16. Bxe5 Qd8 17. Nf3 Nd7 18. Bc3 Qc7 19. Ne5 Nc5 20. Qb2 Red8 21. d4 Ne4 22. Be1 a4 23. bxa4 dxc4 24. Nxc4 Rxa4 25. Rc1 b5 26. Ne5 Raxd4 27. e3 Rd1 28. Raa1 R8d2 29. Qb3 Rxe1+ 30. Rxe1 Qxe5 31. Ra2 Nc5 0-1

[Event "Pardubice rapid op 34th"]
[Site "Pardubice"]
[Date "2023.07.20"]
[Round "6"]
[White "Berin, Artem"]
[Black "Reichel, Tomas"]
[Result "1-0"]
[WhiteElo "2222"]
[BlackElo "1958"]
[PlyCount "43"]
[EventDate "2023.07.19"]
[EventType "swiss (rapid)"]
[EventRounds "9"]
[EventCountry "CZE"]
[SourceTitle "CBM 215 Extra"]
[Source "ChessBase"]
[SourceDate "2023.09.30"]
[SourceVersion "1"]
[SourceVersionDate "2023.09.30"]
[SourceQuality "1"]

1. d4 f5 2. c4 Nf6 3. Nf3 e6 4. g3 d5 5. Bg2 h6 6. Nc3 g5 7. Ne5 Bg7 8. Ng6 Rg8 9. h4 gxh4 10. Rxh4 Ng4 11. cxd5 Bf6 12. Rxg4 fxg4 13. Ne5 Nd7 14. Qa4 exd5 15. Bxd5 Rg7 16. Bxh6 Rh7 17. Qc2 Rxh6 18. Nf7 Rh1+ 19. Bxh1 Kxf7 20. Qh7+ Bg7 21. Bd5+ Kf6 22. Ne4+ 1-0

[Event "Malakhatko Memorial op"]
[Site "Chess.com INT"]
[Date "2023.06.14"]
[Round "5"]
[White "Berin, Artem"]
[Black "Utkin, Sergiy"]
[Result "1-0"]
[WhiteElo "2277"]
[BlackElo "1938"]
[PlyCount "61"]
[EventDate "2023.06.14"]
[EventType "swiss (blitz)"]
[EventRounds "11"]
[EventCountry "USA"]
[SourceTitle "CBM 214 Extra"]
[Source "ChessBase"]
[SourceDate "2023.07.31"]
[SourceVersion "1"]
[SourceVersionDate "2023.07.31"]
[SourceQuality "1"]

1. d4 d5 2. c4 c6 3. Nf3 Nf6 4. e3 e6 5. Nbd2 Nbd7 6. Bd3 Bd6 7. 0-0 0-0 8. e4 dxe4 9. Nxe4 Nxe4 10. Bxe4 Nf6 11. Bc2 Qc7 12. Qd3 Bf4 13. Be3 Rd8 14. g3 Bxe3 15. fxe3 Qa5 16. e4 Qh5 17. e5 Nd7 18. Qe3 Nf8 19. Rad1 b6 20. Be4 Bb7 21. Ng5 Rac8 22. Nxf7 Rd7 23. Nd6 Rcd8 24. Nxb7 Rxb7 25. Bxc6 Rc7 26. Bf3 Qg6 27. b3 h6 28. d5 Nh7 29. Be4 Qg5 30. Bxh7+ Kh8 31. Qxg5 1-0

[Event "Malakhatko Memorial op"]
[Site "Chess.com INT"]
[Date "2023.06.14"]
[Round "6"]
[White "Vovk, Orest"]
[Black "Berin, Artem"]
[Result "1-0"]
[WhiteElo "2315"]
[BlackElo "2277"]
[PlyCount "149"]
[EventDate "2023.06.14"]
[EventType "swiss (blitz)"]
[EventRounds "11"]
[EventCountry "USA"]
[SourceTitle "CBM 214 Extra"]
[Source "ChessBase"]
[SourceDate "2023.07.31"]
[SourceVersion "1"]
[SourceVersionDate "2023.07.31"]
[SourceQuality "1"]

1. g4 d5 2. Bg2 e6 3. c4 c6 4. d3 Nf6 5. g5 Nfd7 6. Nc3 Be7 7. h4 b6 8. Nf3 Bb7 9. e4 dxc4 10. dxc4 Qc7 11. Be3 Na6 12. Qd4 e5 13. Qd2 Rd8 14. 0-0-0 Ndc5 15. Qe2 Ne6 16. Rxd8+ Bxd8 17. Rd1 Be7 18. Bh3 Bc8 19. Bf1 0-0 20. a3 Bc5 21. b4 Bxe3+ 22. fxe3 Nb8 23. Qh2 Nd7 24. Bh3 Re8 25. h5 Ba6 26. Qa2 Ndf8 27. Kb2 Qe7 28. Rg1 Rd8 29. Kb3 Bb7 30. Qe2 a5 31. Qg2 axb4 32. axb4 b5 33. c5 Bc8 34. Rd1 Nc7 35. Rxd8 Qxd8 36. Bxc8 Qxc8 37. Qd2 Qe6+ 38. Ka3 Qc4 39. Nxe5 Qe6 40. Qd6 Qc8 41. Nxc6 Qa8+ 42. Na5 Nce6 43. Nd5 Nxg5 44. Ne7+ Kh8 45. Qd5 Qa7 46. Qxg5 f6 47. Qd5 Qxe7 48. c6 Ne6 49. Qd7 Qxd7 50. cxd7 Kg8 51. Nc6 Kf7 52. d8Q Nxd8 53. Nxd8+ Ke7 54. Nc6+ Kd6 55. Nd4 Ke5 56. Nxb5 g6 57. hxg6 hxg6 58. Nc3 g5 59. b5 Kd6 60. Kb4 g4 61. Ne2 Kc7 62. Kc5 g3 63. Nxg3 Kb7 64. Nf5 Ka7 65. b6+ Kb7 66. Kb5 Kb8 67. Kc6 Kc8 68. Kd6 Kb8 69. Ke6 Kb7 70. Kxf6 Ka6 71. e5 Kb7 72. e6 Ka6 73. e7 Kb7 74. e8Q Ka6 75. Qb8 1-0

[Event "Basel Easter op"]
[Site "Basel"]
[Date "2023.04.09"]
[Round "6"]
[White "Farokhi, Keyvan"]
[Black "Berin, Artem"]
[Result "1/2-1/2"]
[WhiteElo "2256"]
[BlackElo "2140"]
[PlyCount "77"]
[EventDate "2023.04.06"]
[EventType "swiss"]
[EventRounds "9"]
[EventCountry "SUI"]
[SourceTitle "EXT 2024"]
[Source "ChessBase"]
[SourceDate "2023.10.10"]
[SourceVersion "1"]
[SourceVersionDate "2023.10.10"]
[SourceQuality "1"]

1. e4 c5 2. Nf3 e6 3. d4 cxd4 4. Nxd4 a6 5. Bd3 Bc5 6. Nb3 Ba7 7. 0-0 Nf6 8. Qe2 Nc6 9. Be3 Bxe3 10. Qxe3 d6 11. c4 0-0 12. Nc3 e5 13. Rfd1 Be6 14. Nd5 Bxd5 15. cxd5 Ne7 16. Rac1 Nd7 17. Nd2 f5 18. exf5 Nxf5 19. Bxf5 Rxf5 20. Ne4 Nf6 21. Nxf6+ Rxf6 22. b4 Rf4 23. a3 Rc8 24. Qh3 Rfc4 25. Qe6+ Kh8 26. Rxc4 Rxc4 27. h3 h6 28. Rd3 Qf6 29. Rf3 Rf4 30. Rxf4 Qxf4 31. g3 Qc1+ 32. Kg2 Qc7 33. h4 Kh7 34. g4 Qc4 35. g5 Qe4+ 36. f3 Qe2+ 37. Kg3 h5 38. Qf5+ Kh8 39. Qf8+ 1/2-1/2